[Event "4th London Classic Open"]
[Site "London ENG"]
[Date "2012.12.03"]
[Round "3"]
[White "Dale,Ari"]
[Black "Hillarp Persson,T"]
[Result "0-1"]
[BlackTitle "GM"]
[WhiteElo "2122"]
[BlackElo "2546"]
[WhiteFideId "3213145"]
[BlackFideId "1700812"]
[EventDate "2012.12.01"]

1. d4 g6 2. c4 Bg7 3. Nf3 d6 4. Nc3 Bg4 5. e4 Nc6 6. Be3 e5 7. dxe5 dxe5 8. Be2
Nf6 9. Qb3 Qc8 10. Qa3 a5 11. O-O Bf8 12. Qa4 Bd7 13. Qc2 Ng4 14. Bg5 f6 15. Bd2
Bg7 16. Nd5 O-O 17. Qc1 f5 18. h3 fxe4 19. Ng5 Nf6 20. Re1 Nxd5 21. cxd5 Nd4 22.
Bf1 Bf5 23. Qc3 Qd8 24. Rac1 b5 25. Qc5 Qf6 26. Rxe4 h6 27. Rxd4 exd4 28. Nf3
Bxh3 29. Qxc7 Bg4 30. Be2 Rae8 31. Bd1 g5 32. Qxa5 Bf5 33. Rc6 Qf7 34. Bb4 g4
35. Bxf8 Rxf8 36. Rc7 Qf6 37. Rc6 Qf7 38. Rc7 Qf6 39. Rc6 Qe7 40. Rc7 Qd6 41.
Rc6 Qe7 42. Rc7 Bd7 43. Ne1 Be5 44. Rc2 g3 45. Nf3 d3 46. Rd2 gxf2+ 47. Rxf2 Bg3
48. Rf1 Qe3+ 49. Kh1 Qg5 50. Kg1 Qe3+ 51. Kh1 Rf5 52. Nd2 Qe7 53. Bg4 Rh5+ 54.
Bh3 Bxh3 55. gxh3 Qd7 56. Kg1 Bb8 57. Ne4 Qg7+ 58. Kf2 Qd4+ 59. Kf3 Rf5+ 60. Kg4
Qxe4+ 0-1

[Event "4th London Classic Open"]
[Site "London ENG"]
[Date "2012.12.03"]
[Round "3"]
[White "Berthier,H"]
[Black "Holzke,F"]
[Result "1/2-1/2"]
[BlackTitle "GM"]
[WhiteElo "2220"]
[BlackElo "2521"]
[WhiteFideId "655864"]
[BlackFideId "4600428"]
[EventDate "2012.12.01"]

1. d4 Nf6 2. c4 c5 3. d5 Ne4 4. Qc2 Qa5+ 5. Nd2 Nd6 6. e4 g6 7. Nf3 Bg7 8. Bd3
Na6 9. a3 b5 10. O-O O-O 11. h3 bxc4 12. Nxc4 Nxc4 13. Bxc4 d6 14. Bd2 Qb6 15.
Bc3 Nc7 16. Rad1 a5 17. Rfe1 f6 18. h4 Nb5 19. Bxb5 Qxb5 20. h5 Qe8 21. hxg6
hxg6 22. Nh4 Bh6 23. Rd3 Bg5 24. Nxg6 Qxg6 25. Rg3 e5 26. dxe6 Bxe6 27. f4 Ra7
28. f5 Qf7 29. fxe6 Qxe6 30. Qd3 a4 31. Qd5 Qxd5 32. exd5 Rg7 33. Re6 Bf4 34.
Rf3 Be5 35. Bxe5 fxe5 36. Rxf8+ Kxf8 37. Rxd6 Rb7 38. Rc6 Rxb2 39. Rxc5 Ke7 40.
Ra5 Kd6 41. Rxa4 Kxd5 42. Ra8 e4 43. Rd8+ 1/2-1/2

[Event "4th London Classic Open"]
[Site "London ENG"]
[Date "2012.12.03"]
[Round "3"]
[White "Bates,C"]
[Black "Schneider,Dm"]
[Result "0-1"]
[BlackTitle "IM"]
[WhiteElo "2200"]
[BlackElo "2477"]
[WhiteFideId "414760"]
[BlackFideId "2012545"]
[EventDate "2012.12.01"]

1. e4 e5 2. Nf3 Nc6 3. Bb5 a6 4. Ba4 Nf6 5. Bxc6 dxc6 6. d3 Nd7 7. Nbd2 g6 8. b3
Bg7 9. a4 a5 10. Bb2 O-O 11. O-O c5 12. Nc4 f6 13. Nfd2 Bh6 14. g3 Nb8 15. f4
exf4 16. gxf4 f5 17. Qf3 Nc6 18. Qh3 Bg7 19. e5 b6 20. Nf3 Bb7 21. Ng5 h6 22.
Ne6 Qd7 23. Nxf8 Rxf8 24. Kf2 Nd8 25. Rg1 Kh7 26. Qg3 Qe8 27. h4 Ne6 28. Rae1
Rg8 29. c3 Bf8 30. Bc1 Be7 31. Ke2 Qd8 32. Qh3 h5 33. Be3 Bxh4 34. Rd1 Be7 35.
Rgf1 Bd5 36. Qh2 Bf8 37. d4 cxd4 38. Bxd4 Qa8 39. Qg3 Qa6 40. Qd3 Be4 41. Qd2
Bh6 42. Be3 Rg7 43. Ke1 Qa8 44. Qe2 Bg2 45. Rf2 Bd5 46. Nd2 Bb7 47. c4 Qe8 48.
Nb1 Qe7 49. Nc3 Qh4 50. Nd5 Bxd5 51. cxd5 Nxf4 52. Bxf4 Bxf4 53. d6 cxd6 54.
exd6 Bg3 55. d7 Qh1+ 56. Qf1 Re7+ 57. Kd2 Rxd7+ 58. Kc1 Rxd1+ 59. Kxd1 Qd5+ 60.
Rd2 Qxb3+ 61. Kc1 Qxa4 62. Kb1 Qe4+ 63. Ka2 Qa4+ 64. Kb1 Qb4+ 65. Kc2 Qe4+ 66.
Rd3 h4 67. Kb3 Qb4+ 68. Kc2 Qc4+ 69. Kb1 Qe4 70. Ka2 Be5 71. Rd7+ Kh6 72. Qb5
Qc2+ 73. Ka3 Qc3+ 74. Ka2 Qa1+ 75. Kb3 Qb2+ 0-1

[Event "4th London Classic Open"]
[Site "London ENG"]
[Date "2012.12.03"]
[Round "3"]
[White "Hanssen,G"]
[Black "Pert,R"]
[Result "1/2-1/2"]
[BlackTitle "IM"]
[WhiteElo "2207"]
[BlackElo "2454"]
[WhiteFideId "1501534"]
[BlackFideId "404748"]
[EventDate "2012.12.01"]

1. Nf3 d5 2. d4 Nf6 3. c4 e6 4. Nc3 dxc4 5. e3 a6 6. Bxc4 b5 7. Be2 Bb7 8. O-O
Nbd7 9. b3 Be7 10. Bb2 O-O 11. Rc1 c5 12. dxc5 Nxc5 13. Qxd8 Rfxd8 14. Rfd1 Rac8
15. Rxd8+ Bxd8 16. b4 Nce4 17. Nxe4 Rxc1+ 18. Bxc1 Nxe4 19. Bb2 f6 20. Nd4 Kf7
21. f3 Nd6 22. Nb3 Bd5 23. Nc5 Bb6 24. Kf2 Bxc5 25. bxc5 Nb7 26. a4 1/2-1/2

[Event "4th London Classic Open"]
[Site "London ENG"]
[Date "2012.12.03"]
[Round "3"]
[White "Sadzikowski,D"]
[Black "Jetzl,J"]
[Result "1-0"]
[WhiteTitle "IM"]
[WhiteElo "2449"]
[BlackElo "2208"]
[WhiteFideId "1132253"]
[BlackFideId "1601172"]
[EventDate "2012.12.01"]

1. c4 e6 2. Nc3 d5 3. d4 a6 4. cxd5 exd5 5. Bf4 Nf6 6. e3 Bd6 7. Bxd6 Qxd6 8.
Bd3 O-O 9. Nge2 Re8 10. Qc2 Nc6 11. a3 Bd7 12. h3 Re7 13. b4 b5 14. Rc1 Na7 15.
O-O Rae8 16. Nb1 c6 17. Nd2 Nc8 18. Nb3 Nb6 19. Nc5 Bc8 20. Nc3 g6 21. Rce1 Nh5
22. Qd2 Qf6 23. Be2 Qg5 24. f4 Qh4 25. Bxh5 gxh5 26. e4 Nc4 27. Qf2 Qxf2+ 28.
Rxf2 Nxa3 29. e5 Bf5 30. g4 hxg4 31. hxg4 Bxg4 32. Ra1 a5 33. bxa5 Nc4 34. a6
Ra7 35. Na2 Bf5 36. Nb4 Rc8 37. Rg2+ Kf8 38. Kf2 Be4 39. Rg3 Nb6 40. Rag1 Bg6
41. f5 Bxf5 42. Rg8+ Ke7 43. Rxc8 Nxc8 44. Nxc6+ Kf8 45. Nxa7 Nxa7 46. Ke3 Bg6
47. Nd7+ Ke7 48. Nf6 Ke6 49. Rc1 1-0

[Event "4th London Classic Open"]
[Site "London ENG"]
[Date "2012.12.03"]
[Round "3"]
[White "Ilfeld,E"]
[Black "Kiik,K"]
[Result "1/2-1/2"]
[BlackTitle "IM"]
[WhiteElo "2191"]
[BlackElo "2437"]
[WhiteFideId "2803470"]
[BlackFideId "4500075"]
[EventDate "2012.12.01"]

1. e4 Nf6 2. e5 Nd5 3. d4 d6 4. c4 Nb6 5. exd6 exd6 6. Nc3 Nc6 7. d5 Ne5 8. b3
Qe7 9. Be2 g6 10. Be3 Bg7 11. Qd2 O-O 12. Nf3 Bg4 13. Nxe5 Qxe5 14. Bxg4 Qxc3
15. Rc1 Qxd2+ 16. Kxd2 f5 17. Bd1 f4 18. Bxb6 axb6 19. Rc2 Ra3 20. Re1 Be5 21.
Kd3 Rfa8 22. Ree2 f3 23. gxf3 Rf8 24. h3 h5 25. Re4 Rf7 26. f4 Bxf4 27. Re8+ Kg7
28. Bf3 Bg3 29. Bxh5 Rxf2 30. Rxf2 Bxf2 31. Bg4 Rxa2 32. Re7+ Kf6 33. Rxc7 Bc5
34. Rxb7 Rg2 35. Rb8 Rg3+ 36. Kc2 Rg2+ 37. Kd3 Rg3+ 38. Kc2 1/2-1/2

[Event "4th London Classic Open"]
[Site "London ENG"]
[Date "2012.12.03"]
[Round "3"]
[White "Hodgson,Jo"]
[Black "Bartholomew,J"]
[Result "0-1"]
[BlackTitle "IM"]
[WhiteElo "2192"]
[BlackElo "2427"]
[WhiteFideId "403520"]
[BlackFideId "2019353"]
[EventDate "2012.12.01"]

1. e4 e5 2. Nf3 Nc6 3. Bc4 Nf6 4. O-O Nxe4 5. Re1 Nd6 6. Nxe5 Be7 7. Bf1 Nxe5 8.
Rxe5 O-O 9. d4 Bf6 10. Re1 Nf5 11. c3 d5 12. Nd2 Nd6 13. Bd3 c6 14. Qc2 g6 15.
Nf1 Bf5 16. Bxf5 Nxf5 17. Bf4 Re8 18. Rxe8+ Qxe8 19. Qd2 Qd7 20. Re1 Nd6 21. Qc1
a5 22. Nd2 a4 23. a3 Re8 24. Rxe8+ Nxe8 25. Qc2 b5 26. Nf3 Nd6 27. Ne1 Nc4 28.
Nd3 Qf5 29. Bc1 h5 30. Qe2 Kg7 31. Kf1 Bg5 32. Bxg5 Qxg5 33. f4 Qf5 34. Kg1 Qe4
35. Kf2 Kf8 36. Qxe4 dxe4 37. Nb4 Nxb2 38. Nxc6 Nc4 39. d5 Ke8 40. Ne5 Nxa3 0-1

[Event "4th London Classic Open"]
[Site "London ENG"]
[Date "2012.12.03"]
[Round "3"]
[White "Slavin,A"]
[Black "Caoili,A"]
[Result "0-1"]
[WhiteTitle "IM"]
[BlackTitle "WIM"]
[WhiteElo "2397"]
[BlackElo "2202"]
[WhiteFideId "24104388"]
[BlackFideId "5201179"]
[EventDate "2012.12.01"]

1. d4 Nf6 2. c4 c5 3. d5 e5 4. Nc3 d6 5. e4 Nbd7 6. g3 g6 7. Bg2 h5 8. Nf3 Bh6
9. Ng5 Qe7 10. O-O h4 11. Nb5 Kf8 12. Qf3 Nb6 13. Qd3 a6 14. Nc3 Nh5 15. f4 hxg3
16. hxg3 exf4 17. gxf4 Nxf4 18. Bxf4 Bxg5 19. Bh2 Nxc4 20. Rae1 Ne5 21. Qe2 Bg4
22. Qc2 Kg7 23. Nd1 Bxd1 24. Qxd1 Bh4 25. Re3 Rh5 26. Rh3 Rah8 27. Qb3 Bf6 28.
Rxh5 Rxh5 29. Bg3 Ng4 30. Re1 Be5 31. Rb1 Bd4+ 32. Kf1 Ne3+ 33. Kg1 c4 34. Qa4
Nxg2+ 35. Kxg2 Qxe4+ 0-1

[Event "4th London Classic Open"]
[Site "London ENG"]
[Date "2012.12.03"]
[Round "3"]
[White "Yeo,M"]
[Black "Houska,Jo"]
[Result "0-1"]
[BlackTitle "IM"]
[WhiteElo "2191"]
[BlackElo "2396"]
[WhiteFideId "402257"]
[BlackFideId "405094"]
[EventDate "2012.12.01"]

1. e4 c6 2. d4 d5 3. e5 Bf5 4. Be3 e6 5. Nd2 Qb6 6. Nb3 a5 7. a4 Bb4+ 8. c3 Bf8
9. Nf3 h6 10. Be2 Nd7 11. O-O Ne7 12. Nfd2 Bg6 13. f4 Nf5 14. Bf2 h5 15. c4 dxc4
16. Nxc4 Qc7 17. Rc1 Bb4 18. Bf3 Rd8 19. Qe2 Kf8 20. Rfd1 Kg8 21. Be1 Nb6 22.
Bxb4 axb4 23. a5 Nd5 24. Bxd5 Rxd5 25. Nb6 Rd8 26. d5 exd5 27. Nxd5 Qb8 28. Nxb4
Rxd1+ 29. Rxd1 h4 30. Qf2 Kh7 31. Nc2 Rd8 32. Rxd8 Qxd8 33. Qd2 Qa8 34. g4 hxg3
35. hxg3 Nxg3 36. Qh2+ Kg8 37. Ne3 Nf5 38. Nxf5 Bxf5 39. Qd2 Be6 40. Nd4 Qd8 41.
Qb4 Bg4 42. Qd2 Qh4 43. Qf2 Qh3 44. f5 c5 45. e6 fxe6 46. fxe6 cxd4 47. e7 Bd7
48. Qf8+ Kh7 49. e8=Q Qg4+ 50. Kf2 Bxe8 51. Qxe8 Qf5+ 52. Ke2 Qc2+ 53. Kf3 Qd1+
54. Qe2 Qb3+ 55. Kf2 Qd5 56. Qf3 Qxa5 57. Qxb7 Qd2+ 58. Kf1 Qf4+ 59. Ke2 Qe3+
60. Kf1 Kg6 61. Qg2+ Kf6 62. Qc6+ Qe6 63. Qf3+ Qf5 64. Ke2 g5 65. b4 g4 66. Qb3
Qe6+ 67. Qxe6+ Kxe6 0-1

[Event "4th London Classic Open"]
[Site "London ENG"]
[Date "2012.12.03"]
[Round "3"]
[White "Rendle,T"]
[Black "Steil Antoni,F"]
[Result "1-0"]
[WhiteTitle "IM"]
[BlackTitle "WIM"]
[WhiteElo "2381"]
[BlackElo "2169"]
[WhiteFideId "408760"]
[BlackFideId "4001249"]
[EventDate "2012.12.01"]

1. f4 g6 2. Nf3 Bg7 3. e4 d5 4. d3 dxe4 5. dxe4 Qxd1+ 6. Kxd1 Nc6 7. c3 e5 8.
fxe5 Nxe5 9. Bf4 Bg4 10. Nd2 O-O-O 11. Kc2 Nxf3 12. gxf3 Be6 13. Nb3 Bh6 14. Be5
f6 15. Bd4 b6 16. Ba6+ Kd7 17. Rad1 Ke7 18. Bf2 Rxd1 19. Rxd1 Bf4 20. Nd4 Bd7
21. Bg3 Bxg3 22. hxg3 c5 23. Nb5 Nh6 24. Nc7 Bc6 25. Bb5 Bxb5 26. Nxb5 Nf7 27.
Nxa7 Nd6 28. a4 Ra8 29. Nb5 Nxb5 30. axb5 h5 31. c4 Ke6 32. Kc3 g5 33. Rh1 Rh8
34. b4 h4 35. gxh4 gxh4 36. bxc5 bxc5 37. f4 h3 38. Rh2 Ra8 39. Kb3 Rh8 40. Kc2
Kd6 41. Kd2 Kc7 42. Ke2 Kb6 43. Kf3 Ka5 44. Kg4 Kb4 45. Rxh3 Rg8+ 46. Kf5 Kxc4
47. Kxf6 Kxb5 48. Kf7 Rg4 49. Rf3 c4 50. e5 c3 51. Rxc3 Rxf4+ 52. Ke7 Rf1 53. e6
Rf2 54. Kd7 Rd2+ 55. Ke8 Re2 56. e7 1-0

[Event "4th London Classic Open"]
[Site "London ENG"]
[Date "2012.12.03"]
[Round "3"]
[White "Radovanovic,J"]
[Black "Lee,Ka"]
[Result "1-0"]
[WhiteTitle "FM"]
[WhiteElo "2361"]
[BlackElo "2165"]
[WhiteFideId "915912"]
[BlackFideId "5802920"]
[EventDate "2012.12.01"]

1. c4 e6 2. Nf3 Nf6 3. g3 d5 4. b3 c6 5. Bg2 Nbd7 6. Bb2 Bd6 7. d4 O-O 8. O-O
Qe7 9. Nbd2 e5 10. cxd5 e4 11. Nh4 cxd5 12. Nf5 Qe6 13. Nxd6 Qxd6 14. f3 Re8 15.
fxe4 Ng4 16. e5 Qb6 17. Kh1 Ne3 18. Qe1 Nxf1 19. Nxf1 Qe6 20. Ne3 Nb6 21. a4 a5
22. Bc3 Bd7 23. Bxa5 Rac8 24. Bb4 Bc6 25. Qf1 Ra8 26. Bh3 Qg6 27. Bf5 Qg5 28.
Qh3 h6 29. Nf1 Qd8 30. Bd2 Bd7 31. Ne3 Be6 32. Rf1 Qd7 33. Qh5 Nc8 34. Ng4 Bxf5
35. Rxf5 Ra6 36. Ne3 Qe6 37. Qf3 Ne7 38. Rf4 Rc6 39. Kg2 Rd8 40. h4 Rd7 41. h5
Rd8 42. Bb4 Nc8 43. Nf5 Kh8 44. Qg4 Rg8 45. Bf8 g5 46. hxg6 Qxg6 47. Qxg6 fxg6
48. Nxh6 Rxf8 49. Rxf8+ Kg7 50. Rf7+ Kxh6 51. Rxb7 Kg5 52. a5 Kf5 53. Kf3 Ke6
54. b4 Ne7 55. b5 Rc3+ 56. Kf2 Nf5 57. a6 Nxd4 58. a7 Ra3 59. Rb6+ Kd7 60. Ra6 1-0

[Event "4th London Classic Open"]
[Site "London ENG"]
[Date "2012.12.03"]
[Round "3"]
[White "Quinn,Joh"]
[Black "Richardson,Joh"]
[Result "0-1"]
[BlackTitle "FM"]
[WhiteElo "2127"]
[BlackElo "2320"]
[WhiteFideId "405043"]
[BlackFideId "401617"]
[EventDate "2012.12.01"]

1. d4 Nf6 2. c4 e6 3. Nc3 Bb4 4. Qc2 c5 5. dxc5 O-O 6. a3 Bxc5 7. Nf3 b6 8. Bg5
Bb7 9. e4 Be7 10. Rd1 Nh5 11. h4 Na6 12. Be2 Nf6 13. e5 Ne8 14. Qd2 Nb8 15. Qe3
f6 16. exf6 Bxf6 17. Ne4 Qe7 18. Rh3 Nc6 19. Bxf6 gxf6 20. Rg3+ Kh8 21. Qh6 d5
22. cxd5 exd5 23. Rxd5 Ng7 24. Nfg5 fxg5 25. Nxg5 Nf5 26. Qh5 Nxg3 27. fxg3 Rae8
28. Rd2 Ba6 29. Kd1 Bxe2+ 30. Rxe2 Rf1+ 31. Kd2 Qd6+ 32. Kc3 Rc1+ 33. Kb3 Qd5+ 0-1

[Event "4th London Classic Open"]
[Site "London ENG"]
[Date "2012.12.03"]
[Round "3"]
[White "Kvisvik,B"]
[Black "Harari,Z"]
[Result "1-0"]
[WhiteTitle "FM"]
[WhiteElo "2316"]
[BlackElo "2143"]
[WhiteFideId "1502999"]
[BlackFideId "2002639"]
[EventDate "2012.12.01"]

1. d4 d5 2. c4 dxc4 3. e3 Nf6 4. Bxc4 e6 5. Nf3 c5 6. O-O cxd4 7. exd4 Be7 8.
Qe2 O-O 9. Rd1 Nc6 10. Nc3 Na5 11. Bd3 b6 12. Qe5 Bb7 13. Qg3 g6 14. Bh6 Re8 15.
Ne5 Nh5 16. Qe3 a6 17. Rac1 Rc8 18. Be4 Bxe4 19. Nxe4 Qd5 20. Nc3 Qb7 21. Ne4
Qd5 22. Rxc8 Rxc8 23. Nc3 Qd6 24. d5 Rd8 25. Qe2 b5 26. b4 f6 27. Nd3 Nc4 28.
Qxe6+ Qxe6 29. dxe6 Ng7 30. Bxg7 Kxg7 31. Nc5 Rxd1+ 32. Nxd1 a5 33. Na6 axb4 34.
Nc7 f5 35. Nd5 Bc5 36. Kf1 Nb6 37. Nc7 Kf6 38. Ke2 Nc4 39. Kd3 Ne5+ 40. Kc2 Nc6
41. Ne3 Nd4+ 42. Kd3 Nxe6 43. Nxb5 Ke5 44. Kc4 g5 45. Nd1 g4 46. Nb2 Be7 47.
Nd3+ Ke4 48. Nxb4 Nf4 49. Nc6 Bf6 50. Nd6# 1-0

[Event "4th London Classic Open"]
[Site "London ENG"]
[Date "2012.12.03"]
[Round "3"]
[White "Roe,S"]
[Black "Duncan,P"]
[Result "1/2-1/2"]
[WhiteElo "2265"]
[BlackElo "2071"]
[WhiteFideId "401471"]
[BlackFideId "405787"]
[EventDate "2012.12.01"]

1. Nf3 Nf6 2. c4 e6 3. g3 b6 4. Bg2 Bb7 5. O-O c5 6. Nc3 Be7 7. Re1 O-O 8. e4 d6
9. d4 cxd4 10. Nxd4 Qc8 11. Be3 Rd8 12. Rc1 Nbd7 13. f4 Bf8 14. b3 a6 15. Bf2
Qc7 16. f5 exf5 17. Nxf5 Ne5 18. Nd5 Bxd5 19. cxd5 Qb7 20. Bh3 Nfd7 21. Nd4 Rac8
22. Qe2 b5 23. Be3 Rxc1 24. Rxc1 Rc8 25. Rc2 Rc7 26. Bxd7 Nxd7 27. Nc6 Ne5 28.
Nxe5 dxe5 29. Qd2 Qc8 30. Rxc7 Qxc7 31. Kg2 Bd6 32. Qc1 Qxc1 33. Bxc1 g6 34. g4
f6 35. Be3 Kf7 36. Kf3 Ke8 37. Bf2 Kf7 38. Bb6 Ke8 39. h3 Kd7 40. Kg3 Be7 41.
Kf3 Bd6 42. Ke3 Be7 43. Kd3 Bb4 44. a4 Ke8 45. Bc7 Kd7 46. Bb6 Ke8 47. Bf2 Kd7
48. Bh4 Ke7 49. g5 fxg5 50. Bxg5+ Kd7 51. Bf6 Kd6 52. Bg7 Ba5 53. Ke2 Bd8 54.
Bf8+ Kd7 55. Kf3 Bg5 56. Kg4 Bd2 57. Bg7 Kd6 58. Bf6 Be3 59. Bg7 Bd2 60. Bf8+
Kd7 61. Bc5 Bc1 62. Kf3 Bd2 63. Be3 Ba5 64. Kg4 Bd8 65. Bh6 Kd6 66. Be3 Kd7 67.
Ba7 Be7 68. Bb8 Bf6 69. Ba7 Be7 70. Bb6 Kd6 71. Be3 Kd7 72. Bh6 Bd8 73. h4 Kd6
74. Bf8+ Kd7 75. h5 Bf6 76. hxg6 hxg6 77. Bc5 Bd8 78. Ba7 Be7 79. Be3 Kd6 80.
Bg5 Bf8 81. Bf6 Bh6 82. Kh4 Bd2 83. Kg4 Bh6 84. Bg5 Bg7 85. Be3 Bf6 86. Bf2 Be7
87. Bg3 Bd8 88. Be1 Kd7 89. Bb4 Bf6 90. Bc5 Bd8 91. Bb4 Bf6 92. Bf8 Bd8 93. Bh6
Ke8 94. Bg7 Bc7 95. Kg5 Kf7 96. Bf6 Bd6 97. Bd8 Bb8 98. Bb6 Bd6 99. Be3 Be7+
100. Kg4 Bd6 101. Bg5 Bc7 102. Kf3 Ke8 103. Bh6 Bd6 104. Be3 Ke7 105. Bb6 Ke8
106. Kg4 Kf7 107. Bd8 Ke8 108. Bf6 Kf7 109. Kg5 Bc7 110. Bh8 Bd8+ 111. Kg4 Bc7
112. axb5 1/2-1/2

[Event "4th London Classic Open"]
[Site "London ENG"]
[Date "2012.12.03"]
[Round "3"]
[White "Eames,R"]
[Black "Szalontay,Mihaly"]
[Result "0-1"]
[WhiteTitle "FM"]
[WhiteElo "2263"]
[BlackElo "2011"]
[WhiteFideId "408743"]
[BlackFideId "746967"]
[EventDate "2012.12.01"]

1. d4 Nf6 2. c4 e5 3. dxe5 Ng4 4. Bf4 Bb4+ 5. Nd2 Nc6 6. Nf3 Qe7 7. e3 Ngxe5 8.
Nxe5 Nxe5 9. Be2 a5 10. O-O d6 11. Nb1 Be6 12. a3 Bc5 13. Nc3 Nxc4 14. Nd5 Bxd5
15. Qxd5 Nb6 16. Qxb7 O-O 17. Rac1 Rab8 18. Qc6 Qd7 19. Qe4 Rfe8 20. Qd3 Qe6 21.
Bd1 Qe4 22. Qe2 Nd5 23. Bg3 Nxe3 24. Re1 0-1

[Event "4th London Classic Open"]
[Site "London ENG"]
[Date "2012.12.03"]
[Round "3"]
[White "Kane,Robert"]
[Black "Gunajew,R"]
[Result "0-1"]
[BlackTitle "FM"]
[WhiteElo "1827"]
[BlackElo "2260"]
[WhiteFideId "420468"]
[BlackFideId "1116037"]
[EventDate "2012.12.01"]

1. d4 c5 2. dxc5 e6 3. Nf3 Bxc5 4. c4 Nf6 5. Nc3 b6 6. e3 Bb7 7. a3 O-O 8. Bd3
d5 9. cxd5 exd5 10. b4 Be7 11. Bb2 Nbd7 12. Qb3 Bd6 13. Nb5 Bb8 14. Rc1 Ne4 15.
Nbd4 Ng5 16. h4 Nxf3+ 17. Nxf3 Re8 18. Kf1 Bd6 19. h5 h6 20. Bb1 Rc8 21. Rxc8
Qxc8 22. Bd3 Ne5 23. Nxe5 Bxe5 24. Bb5 Re7 25. Rh4 Qf5 26. Bd4 Bg3 27. Rf4 Bxf4
28. exf4 Qxh5 29. f3 Qh1+ 30. Bg1 Qh4 31. Qc3 Qxf4 32. Bd4 Rc7 33. Be5 Rxc3 34.
Bxf4 Rxa3 35. Ke2 Ba6 36. Bxa6 Rxa6 37. Kd3 Ra2 38. g3 a5 39. bxa5 bxa5 40. Kd4
a4 0-1

[Event "4th London Classic Open"]
[Site "London ENG"]
[Date "2012.12.03"]
[Round "3"]
[White "Rodriguez,Vidal"]
[Black "Berry,N"]
[Result "1/2-1/2"]
[BlackTitle "FM"]
[WhiteElo "2148"]
[BlackElo "2247"]
[WhiteFideId "3901343"]
[BlackFideId "2400650"]
[EventDate "2012.12.01"]

1. d4 d5 2. c4 e6 3. Nc3 Be7 4. Nf3 Nf6 5. Bg5 h6 6. Bh4 O-O 7. cxd5 Nxd5 8.
Bxe7 Qxe7 9. e4 Nxc3 10. bxc3 c5 11. Be2 cxd4 12. cxd4 b6 13. O-O Bb7 14. Qd3
Nc6 15. Qe3 Rfd8 16. Rac1 Rac8 17. Rfd1 Qd6 18. h3 Ne7 19. d5 Rxc1 20. Rxc1 exd5
21. e5 Qd7 22. Nd4 Nf5 23. Nxf5 Qxf5 24. Rd1 Re8 25. f4 g5 26. Rd4 Kh8 27. Bd3
gxf4 28. Rxf4 Qxe5 29. Qxe5+ Rxe5 30. Rxf7 Re3 31. Bb5 a6 32. Rxb7 axb5 33. Rxb6
Kg7 34. Rxb5 Ra3 35. Rxd5 Rxa2 36. Rd6 Rb2 37. Kh2 Rb3 38. h4 h5 39. Rd5 Kg6 40.
Rg5+ Kh6 41. Rg3 Rb4 42. Kh3 Ra4 43. Rb3 Kg6 44. Rb6+ Kg7 45. Rb2 Ra3+ 46. g3
Kg6 47. Kg2 Rc3 48. Kf2 Kf5 1/2-1/2

[Event "4th London Classic Open"]
[Site "London ENG"]
[Date "2012.12.03"]
[Round "3"]
[White "Baterdene,Tsogbayar"]
[Black "Cherniaev,A1"]
[Result "0-1"]
[BlackTitle "GM"]
[WhiteElo "1673"]
[BlackElo "2460"]
[WhiteFideId "4901592"]
[BlackFideId "4117301"]
[EventDate "2012.12.01"]

1. e4 g6 2. d4 Bg7 3. Nf3 d6 4. Be3 Nd7 5. Nc3 a6 6. Be2 b5 7. a4 b4 8. Na2 c5
9. c3 bxc3 10. Nxc3 Rb8 11. Rb1 cxd4 12. Bxd4 Ngf6 13. O-O O-O 14. e5 dxe5 15.
Nxe5 Bb7 16. Bf3 Nxe5 17. Bxb7 Rxb7 18. Bxe5 Qa5 19. Qe2 Ra8 20. Qf3 Qb4 21. Qc6
Qb3 22. Rfd1 Qb6 23. Qxb6 Rxb6 24. b4 Rb7 25. h3 Ne8 26. Bxg7 Kxg7 27. Ne4 Rab8
28. Rd4 Rc8 29. Re1 e5 30. Nd6 Nxd6 31. Rxd6 Rxb4 32. Rxa6 Rc2 33. Rxe5 Rbb2 34.
Rg5 Rxf2 35. h4 Rf4 36. h5 Kh6 37. Rg3 Kxh5 38. Rh3+ Kg4 39. Kh2 Kg5 40. Ra5+ f5
41. Rg3+ Rg4 42. Rc5 Rxg3 43. Kxg3 Ra2 44. Rc4 Ra3+ 45. Kf2 f4 46. Rb4 Kg4 47.
Rc4 g5 48. Rb4 h5 49. Rc4 h4 50. Rb4 Ra2+ 51. Kg1 h3 52. gxh3+ Kg3 53. Kf1 Ra1+
54. Ke2 f3+ 55. Kd2 f2 0-1

[Event "4th London Classic Open"]
[Site "London ENG"]
[Date "2012.12.03"]
[Round "3"]
[White "Compton,A"]
[Black "Croad,N"]
[Result "1/2-1/2"]
[BlackTitle "FM"]
[WhiteElo "2090"]
[BlackElo "2282"]
[WhiteFideId "4300645"]
[BlackFideId "4300793"]
[EventDate "2012.12.01"]

1. e4 e6 2. d4 d5 3. Nc3 Bb4 4. e5 c5 5. a3 Bxc3+ 6. bxc3 Qa5 7. Bd2 Qa4 8. Qb1
c4 9. h4 Nc6 10. h5 h6 11. Rh4 Nge7 12. Nf3 Bd7 13. Rf4 b6 14. Nh4 g5 15. hxg6
fxg6 16. Rf6 g5 17. Ng6 Nxg6 18. Rxg6 O-O-O 19. g3 Rdg8 20. Rxg8+ Rxg8 21. Qd1
Nd8 22. Bh3 Be8 23. f4 g4 24. Bxg4 h5 25. Bxh5 Rxg3 26. Kf2 Rh3 27. Bg4 Rh2+ 28.
Kg3 Rh8 29. f5 Rg8 30. Kf2 exf5 31. Bf3 Bf7 32. Rc1 Qxa3 33. Qh1 Qe7 34. Rg1
Rxg1 35. Kxg1 Qe6 36. Kf2 f4 37. Qh4 Qg6 38. Qxf4 Qxc2 39. Qh6 Be6 40. Kg3 Qf5
41. Bc1 Kb7 42. Ba3 Nf7 43. Qf8 Qg6+ 44. Kf2 Qc2+ 45. Kg3 Qxc3 46. Qe7+ Ka6 47.
Qxe6 Qxf3+ 48. Kxf3 Ng5+ 49. Kg4 Nxe6 50. Bb2 Kb7 51. Kf5 Nc7 52. Kf6 Kc6 53. e6
a5 54. Bc3 Kb5 55. Ke5 Ka4 56. e7 Kb3 57. Kd6 Ne8+ 58. Kd7 Ng7 59. Bd2 c3 60.
Bh6 c2 61. Bxg7 c1=Q 62. e8=Q b5 63. Qa8 Qg5 64. Be5 Qf5+ 65. Kd6 Qg6+ 66. Kc5
Ka4 67. Qxd5 Qc2+ 68. Kb6 Qe2 69. Qh1 Qa2 70. Qd1+ Ka3 71. Bd6+ b4 72. Kxa5 Qd5+
73. Bc5 Qa8+ 74. Kb5 Qb7+ 75. Kc4 Qa6+ 76. Kd5 Qb7+ 77. Ke5 Qg7+ 78. Ke4 Qg6+
79. Ke3 Qg5+ 80. Kd3 Qf5+ 81. Kc4 Qc2+ 1/2-1/2

[Event "4th London Classic Open"]
[Site "London ENG"]
[Date "2012.12.03"]
[Round "3"]
[White "Chapman,T"]
[Black "Cannon,Ri"]
[Result "1-0"]
[WhiteElo "2279"]
[BlackElo "2071"]
[WhiteFideId "413399"]
[BlackFideId "408670"]
[EventDate "2012.12.01"]

1. Nf3 Nf6 2. c4 e6 3. g3 b6 4. Bg2 Bb7 5. O-O Be7 6. Nc3 c5 7. Re1 d6 8. e4
Nbd7 9. d4 cxd4 10. Nxd4 Qc8 11. Be3 O-O 12. Rc1 Ne8 13. f4 Nc7 14. b3 Rd8 15.
Qe2 Kh8 16. Rf1 Rf8 17. g4 g6 18. g5 f5 19. Ncb5 Ne8 20. Nxe6 Rf7 21. exf5 gxf5
22. Bd5 Bxd5 23. cxd5 Qb7 24. Qg2 Nf8 25. Bd4+ Kg8 26. Rc6 Ng6 27. Ba1 Bf8 28.
Nxf8 Kxf8 29. Nxd6 Nxd6 30. Rxd6 Qe7 31. Rc6 Qe3+ 32. Qf2 Qe4 33. Qf3 Ne7 34.
Qxe4 fxe4 35. Re6 Nxd5 36. Rxe4 Rc8 37. Be5 Rf5 38. Bd6+ Kg7 39. Rf2 Rc1+ 40.
Kg2 Rc6 41. Be5+ Kg6 42. Rd2 Ne7 43. Red4 Nc8 44. Rd8 Rf7 45. Kf3 Rc1 46. Rd1
Rc2 47. R8d2 Rc5 48. Ke4 a6 49. Rd8 Rc2 50. Rg8+ Kh5 51. g6 Re7 52. g7 Re2+ 53.
Kf3 Rc2 54. Rh8 1-0